[Event "W Suburban Winter GP 6th"]
[Site "Framingham"]
[Date "1989.01.??"]
[Round "?"]
[White "Turnbull, Murray"]
[Black "Hart, Michael"]
[Result "0-1"]
[WhiteElo "2391"]
[BlackElo "2266"]
[PlyCount "48"]
[EventDate "1989.01.??"]
[EventType "swiss"]
[EventRounds "4"]
[EventCountry "USA"]
[SourceTitle "EXT 2005"]
[Source "ChessBase"]
[SourceDate "2004.11.15"]
[SourceVersion "1"]
[SourceVersionDate "2004.11.15"]
[SourceQuality "1"]

1. e4 c6 2. d4 d5 3. Nd2 dxe4 4. Nxe4 Bf5 5. Ng3 Bg6 6. Nf3 Nd7 7. Nh4 e5 8. Nxg6 hxg6 9. dxe5 Qa5+ 10. Bd2 Qxe5+ 11. Qe2 Ngf6 12. 0-0-0 0-0-0 13. Qf3 Qe6 14. Ba5 Qxa2 15. Bxd8 Qa1+ 16. Kd2 Bb4+ 17. Ke3 Re8+ 18. Kf4 Qxb2 19. c3 Bxc3 20. Bxf6 Nxf6 21. Qe2 Rxe2 22. Bxe2 Bd2+ 23. Rxd2 Qxd2+ 24. Kf3 g5 0-1